[Event "Olympiad-43"]
[Site "Batumi"]
[Date "2018.10.03"]
[Round "9.2"]
[White "Dempsey, John"]
[Black "Bongo Ngombele, Tary"]
[Result "0-1"]
[WhiteElo "1888"]
[BlackElo "1643"]
[PlyCount "99"]
[EventDate "2018.09.24"]
[EventType "team-swiss"]
[EventRounds "11"]
[EventCountry "GEO"]
[SourceTitle "CBM 187"]
[Source "ChessBase"]
[SourceDate "2018.12.11"]
[SourceVersion "1"]
[SourceVersionDate "2018.12.11"]
[SourceQuality "1"]
[WhiteTeam "US Virgin Islands"]
[BlackTeam "Gabun"]
[WhiteTeamCountry "ISV"]
[BlackTeamCountry "GAB"]

1. d4 d5 2. Bf4 Nf6 3. e3 g6 4. Nf3 Bg7 5. Bd3 Nc6 6. c3 h6 7. Nbd2 Nh5 8. Be5 Nxe5 9. dxe5 0-0 10. Qc2 Bh8 11. Bxg6 fxg6 12. Qxg6+ Ng7 13. Qxh6 Qe8 14. e4 dxe4 15. Nxe4 Qc6 16. Qxc6 bxc6 17. 0-0 Rb8 18. b3 Ne6 19. Nd4 Nxd4 20. cxd4 Rd8 21. Rfd1 Rb4 22. f4 Rbxd4 23. Rxd4 Rxd4 24. Re1 Bf5 25. Ng3 Rxf4 26. Nxf5 Rxf5 27. e6 Bd4+ 28. Kh1 Re5 29. Rxe5 Bxe5 30. g3 Kg7 31. Kg2 Kf6 32. Kf3 Kxe6 33. h4 Kf5 34. g4+ Kg6 35. Ke4 Bg3 36. h5+ Kg5 37. Kf3 Bf4 38. h6 Be5 39. Ke4 Bf6 40. Kf3 Kxh6 41. Kf4 Kg6 42. Ke4 Kg5 43. Kf3 Be5 44. Ke4 Bd6 45. Kf3 e5 46. a4 a6 47. Ke4 Kxg4 48. b4 Kg5 49. b5 cxb5 50. axb5 0-1

[Event "Olympiad-42"]
[Site "Baku"]
[Date "2016.09.13"]
[Round "11.3"]
[White "Dempsey, John"]
[Black "Pierre, Jn Claude"]
[Result "0-1"]
[WhiteElo "1952"]
[BlackElo "1912"]
[PlyCount "90"]
[EventDate "2016.09.02"]
[EventType "team-swiss"]
[EventRounds "11"]
[EventCountry "AZE"]
[SourceTitle "CBM 175"]
[Source "ChessBase"]
[SourceDate "2016.11.10"]
[SourceVersion "1"]
[SourceVersionDate "2016.11.10"]
[SourceQuality "1"]
[WhiteTeam "US Virgin Islands"]
[BlackTeam "Haiti"]
[WhiteTeamCountry "ISV"]
[BlackTeamCountry "HAI"]

1. e4 c5 2. Nf3 d6 3. Bd3 Nc6 4. c3 Bg4 5. 0-0 Nf6 6. Bc2 e6 7. d3 Be7 8. h3 Bh5 9. Re1 0-0 10. Nbd2 Rc8 11. Nf1 Ne5 12. N1h2 Re8 13. Bf4 Nxf3+ 14. Nxf3 e5 15. Be3 a6 16. Kh2 Qc7 17. Rg1 d5 18. g4 dxe4 19. dxe4 Bg6 20. Nd2 Rcd8 21. Qe2 Rd7 22. f3 Red8 23. h4 h5 24. g5 Ne8 25. Nf1 c4 26. Ng3 Bc5 27. Rad1 Bxe3 28. Qxe3 b5 29. Rge1 Rxd1 30. Rxd1 Rxd1 31. Bxd1 Qd6 32. Bc2 Nc7 33. Ne2 Ne6 34. Kg3 Qd7 35. Ng1 Nf4 36. Qf2 a5 37. Qe1 Kh7 38. Qd1 Qa7 39. Nh3 Qe3 40. Nxf4 Qxf4+ 41. Kh3 f6 42. gxf6 Qxf6 43. Qe2 Bf7 44. a3 Qf4 45. Bd1 Be6+ 0-1